Largest Consumers of Energy - Statistics

General Stats
  • This quiz has been taken 27 times
  • The average score is 15 of 16
Answer Stats
Answer Million tonnes of oil equivalent % Correct
Brazil 321
100%
China 3,073
100%
France 254
100%
Germany 322
100%
Russia 772
100%
United Kingdom 201
100%
United States 2,451
100%
India 623
95%
Italy 160
95%
Japan 477
95%
Mexico 188
95%
Saudi Arabia 255
95%
Canada 364
91%
Indonesia 185
86%
Iran 265
77%
South Korea 281
77%
No matching quizzes found
Score Distribution
Percent of People with Each Score
Percentile by Number Answered
Your Score History
You have not taken this quiz